Rozkazné konanie.

Rozkazné konanie patrí v čs. právnom poriadku ku klasickým juristickým inštitútom. Jeho podstata spočíva v možnosti rýchleho a hospodárneho riešenia a rozhodnutia jednoduchších vecí. Rozhodujúcou podmienkou jeho realizácie je nepochybné preukázanie skutočnosti, že priestupku sa dopustila obvinená os...

Description complète

Enregistré dans:
Détails bibliographiques
Auteur principal: Urban, R.
Format: Chapitre de livre
Langue:slovaque
Sujets:
Tags: Ajouter un tag
Pas de tags, Soyez le premier à ajouter un tag!

MARC

LEADER 00000naa a2200000 4500
001 r007968
005 20220831085625.1
041 0 |a slo 
044 |a [CS] 
245 1 0 |a Rozkazné konanie.  |c R. Urban 
520 |a Rozkazné konanie patrí v čs. právnom poriadku ku klasickým juristickým inštitútom. Jeho podstata spočíva v možnosti rýchleho a hospodárneho riešenia a rozhodnutia jednoduchších vecí. Rozhodujúcou podmienkou jeho realizácie je nepochybné preukázanie skutočnosti, že priestupku sa dopustila obvinená osoba. Rozkaz o ukladaní sankcie a druhy sankcie. 
610 2 0 |a právo trestné 
610 2 0 |a právo občianske 
610 2 0 |a pokuty 
610 2 0 |a sankcie 
100 1 |a Urban, R.